000 01072cab a2200241 4500
001 A188
008 090401t1983 xxu||||| |||| 00| 0 eng d
035 _a(Sirsi) u27575
041 _aeng
245 _aBoyce v Rendells
260 _c1983
350 _a0
490 _aChartered Surveyor Weekly
_v4(12) 22 September 1983, 596-7(2)
490 _aEstates Gazette
_v268 EG 15 October 1983, 268-274(6)
520 _aCA 6 July 1983. Land agents succeed in appeal against decision of Bristow J finding them liable for negligence - alleged negligence consisted of a failure to prevent, or to warn landowner of the risk of, agreements intended by the owner to be for grazing only giving rise, by virtue of Agricultural Holdings Act 1948 s2(1), to a fully protected agricultural tenancy from year to year.
650 _aPROPERTY-LANDLORD AND TENANT-TENANCIES-AGRICULTURAL TENANCIES
650 _aLAND AGENTS
650 _aNEGLIGENCE
690 _aMANAGEMENT-BUSINESS MANAGEMENT-PROFESSIONAL PRACTICE
690 _aRURAL PRACTICE
942 _n0
948 _c04/03/1997
999 _c18566
_d18566